Guess Itzy MV From Screenshots - Statistics

General Stats
  • This quiz has been taken 45 times
  • The average score is 17 of 27
Answer Stats
Picture Answer % Correct
Gold
79%
Loco
79%
Cake
76%
Cheshire
76%
Sneakers
76%
Boys Like You
72%
Mafia In The Morning
72%
Ringo
72%
Swipe
72%
Voltage
72%
Untouchable
69%
Wannabe
69%
Mr. Vampire
66%
Blah Blah Blah
62%
Dalla Dalla
62%
Not Shy
62%
Yeji - Crown On My Head
62%
Imaginary Friend
59%
Ryujin - Run Away
59%
Chaeryeong - Mine
55%
Yuna - Yet, but
55%
None of My Business
52%
Twenty
48%
Algorhythm
45%
Icy
45%
Bet On Me
41%
Sugarholic
21%
No matching quizzes found
Score Distribution
Percent of People with Each Score
Percentile by Number Answered
Your Score History
You have not taken this quiz